Brentano, Husserl, Heidegger

Elmentve itt :
Bibliográfiai részletek
Szerző: Mariska Zoltán
Adatforrás:Philobibl
Forrásdokumentuma:Felső-Magyarországi Szemle
1995:2-3. 235-238. p.
Dokumentumtípus: Cikk
Nyelv:magyar
LEADER 00297nab a2200097 c 4500
001 bibDOK00028713
005 20200924122355.6
008 060518s1995 hu hun
100 1 |a Mariska Zoltán 
245 1 0 |a Brentano, Husserl, Heidegger  |c Mariska Zoltán 
773 0 |t Felső-Magyarországi Szemle  |g 1995:2-3. 235-238. p.